000 00746cab a22002055a 4500
001 L156957
008 120731e20121021 000 0 eng u
035 _a(Sirsi) u156957
041 0 _aeng
100 1 _aHarris, Michael Conroy
245 0 0 _aA-Z of key construction law cases
260 _c2012
490 0 _aBuilding
_v(8738) 27 July 2012, 52(1)
520 _aLooks at a ruling that shows how difficult it is to overturn reasonable liquidated damages agreed in a contract: Alfred McAlpine Capital Projects Ltd v Tilebox Ltd. Please search this database for L130297 or "Tilebox" to open the case.
590 _aKA
651 4 _aEngland and Wales
_y1543-
690 _aContracts
_96232
690 _aDispute resolution
_96236
942 _n0
999 _c84212
_d84212